Effect of organic fertilizer of egg plant under sundy soil condition at royal university of agriculture ឥទ្ធិពលនៃជីធម្មជាតិទៅលើដំណាំទ្រប់វែងក្នុងលក្ខខណ្ឌដីល្បាប់ខ្សាច់នៃសាកលវិទ្យាល័យភូមិន្ទកសិកម្ម (Record no. 890)

000 -LEADER
fixed length control field 00739nam a22001577a 4500
003 - CONTROL NUMBER IDENTIFIER
control field OSt
005 - DATE AND TIME OF LATEST TRANSACTION
control field 20150920105757.0
008 - FIXED-LENGTH DATA ELEMENTS--GENERAL INFORMATION
fixed length control field 150920b xxu||||| |||| 00| 0 eng d
040 ## - CATALOGING SOURCE
Transcribing agency RUA
082 ## - DEWEY DECIMAL CLASSIFICATION NUMBER
Classification number AGR HAM 2008 B038 Or.1
100 ## - MAIN ENTRY--PERSONAL NAME
9 (RLIN) 923
Personal name HAM, POV.
245 ## - TITLE STATEMENT
Title Effect of organic fertilizer of egg plant under sundy soil condition at royal university of agriculture ឥទ្ធិពលនៃជីធម្មជាតិទៅលើដំណាំទ្រប់វែងក្នុងលក្ខខណ្ឌដីល្បាប់ខ្សាច់នៃសាកលវិទ្យាល័យភូមិន្ទកសិកម្ម
260 ## - PUBLICATION, DISTRIBUTION, ETC. (IMPRINT)
Place of publication, distribution, etc. Phnom Penh
Name of publisher, distributor, etc. RUA
Date of publication, distribution, etc. 2008
300 ## - PHYSICAL DESCRIPTION
Extent xii; 64p.
Other physical details ill.
Dimensions 29cm.
942 ## - ADDED ENTRY ELEMENTS (KOHA)
Source of classification or shelving scheme
Koha item type AGR
Holdings
Price effective from Date last seen Permanent Location Not for loan Date acquired Source of classification or shelving scheme Koha item type Lost status Withdrawn status Date last checked out Total Checkouts Shelving location Damaged status Barcode Current Location Full call number
2015-09-202015-09-20Library Block B 2015-09-20 AGR    B038 RUA000742Library Block BAGR HAM 2008 B038 Or.1
2015-09-202017-08-22Library Block B 2015-09-20 AGR  2017-08-052B038 RUA000672Library Block BAGR HAM 2008 B038 Or.2
2015-09-202016-07-01Library Block B 2015-09-20 AGR  2016-06-211B038 RUA000315Library Block BAGR HAM 2008 B038 Or.3
2015-09-202015-09-20Library Block B 2015-09-20 AGR    B038 RUA000671Library Block BAGR HAM 2008 B038 Or.4
2015-10-312023-11-24Library Block B 2015-10-31 AGR  2023-11-131B038 RUA030617Library Block BAGR HAM 2008 B038 Or.5
2023-12-292024-07-30Library Block B 2023-12-29 AGR  2024-06-253  RUA008427Library Block BAGR HAM 2008 B038 Or.1
មជ្ឈមណ្ឌលឯការនៃសាកលវិទ្យាល័យភូមិន្ទកសិកម្មចំការដូង

Powered by Koha